000 00355 a2200145 4500
001 72726
020 _a
040 _cAnchieta - Colégio São Paulo
240 1 0 _aA terra e seus recursos
_lpor
245 1 0 _aA terra e seus recursos
300 _a59
362 0 _a1990
650 4 _aEnciclopédias gerais de línguas espanhola e portuguesa
942 _cBK
999 _c72726
_d72726